Vista normal Vista MARC

Entrada Personal Name

Número de registros utilizados en: 1

001 - CONTROL NUMBER

  • control field: 2808

003 - CONTROL NUMBER IDENTIFIER

  • control field: OSt

005 - DATE AND TIME OF LATEST TRANSACTION

  • control field: 20200408121937.0

008 - FIXED-LENGTH DATA ELEMENTS

  • fixed length control field: 200408|| aca||aabn | a|a d

040 ## - CATALOGING SOURCE

  • Original cataloging agency: OSt
  • Transcribing agency: OSt

100 ## - HEADING--PERSONAL NAME

  • Personal name: Bernal Duffo, Eufracio,

670 ## - SOURCE DATA FOUND

  • Source citation: Work cat.: (OSt)3877: Pulgarin Silva, Raquel, Compiladora 2807, La geografía escondida en el sistema educativo nacional /, 2016